La sociedad abierta y sus enemigos

Salvato in:
Dettagli Bibliografici
Autore principale: Pooper, Karl R. (Autore)
Natura: Libro
Lingua:spagnolo
Pubblicazione: Barcelona Paidós 1982
Serie:Paidós Studio/Básica
Soggetti:
Tags: Aggiungi Tag
Nessun Tag, puoi essere il primo ad aggiungerne!!

MARC

LEADER 00000nam a2200000 a 4500
001 UCZ2171
003 CL-VaPUC
008 950926e19820000SP |||||||||||||||||spa|d
082 0 4 |a 301  |b POP  |2 21 
100 |a Pooper, Karl R.  |e author  |9 311826 
245 1 3 |a La sociedad abierta y sus enemigos 
300 |a 667 p 
942 |c BK 
945 |d 19950926 00:00:00  |a cmena 
260 |a Barcelona  |b Paidós  |c 1982 
650 0 |a Filosofía moderna  |9 258121 
650 0 |a Sociedad contemporánea  |9 337179 
650 7 |a HOMBRE  |2 CL-VaPUC  |9 262149 
650 0 |a Totalitarismo  |9 255261 
650 0 |a Ideologías  |9 255200 
583 |a last modification  |c 19950926 00:00:00  |k Rodrigo Vera 
490 0 |a Paidós Studio/Básica 
999 |c 238816  |d 238814 
952 |0 0  |1 0  |4 0  |6 301_000000000000000_POP_1982  |7 0  |8 A  |9 249339  |a BIBENE  |b BIBENE  |d 2019-11-18  |i 3371425  |o 301 POP 1982  |p 3371425  |r 2025-01-15  |w 2019-11-18  |y BK  |k ICO 
952 |0 0  |1 0  |4 0  |6 301_000000000000000_POP_1982  |7 0  |8 A  |9 249340  |a BIBENE  |b BIBENE  |d 2019-11-18  |i 3371433  |o 301 POP 1982  |p 3371433  |r 2025-01-15  |w 2019-11-18  |y BK  |k ICO